[Event "Moscow Aeroflot op-A"]
[Site "Moscow"]
[Date "2024.03.06"]
[Round "7"]
[White "Abdurakhmanov, Mukhmmadali"]
[Black "Yatzenko, Anton"]
[Result "1/2-1/2"]
[WhiteElo "2412"]
[BlackElo "2308"]
[PlyCount "81"]
[EventDate "2024.03.03"]
[EventType "swiss"]
[EventRounds "9"]
[EventCountry "RUS"]
[SourceTitle "CB11_2024"]
[SourceDate "2024.03.13"]
[SourceVersion "1"]
[SourceVersionDate "2024.03.13"]
[SourceQuality "1"]

1. d4 d5 2. Bf4 c5 3. e3 Nf6 4. Nf3 Nc6 5. Nbd2 cxd4 6. exd4 Bf5 7. c3 h6 8. Be2 e6 9. Qb3 Qc8 10. 0-0 Be7 11. Rac1 0-0 12. Ne5 Bd6 13. Bg3 Bxe5 14. dxe5 Nd7 15. f4 Nc5 16. Qa3 b6 17. Rfd1 a5 18. Bf2 Qb7 19. Nf3 Ne4 20. Nd4 Nxf2 21. Kxf2 Nxd4 22. cxd4 Rac8 23. Qe3 Rxc1 24. Rxc1 Rc8 25. Rc3 Be4 26. g3 Kh7 27. Bb5 Rxc3 28. Qxc3 Qe7 29. a3 g5 30. fxg5 Qxg5 31. Qe3 Qh5 32. h4 Qd1 33. Bf1 Kg7 34. Kg1 Bf5 35. Kf2 Be4 36. Qc3 Bf5 37. Be2 Qh1 38. Qf3 Qc1 39. Qc3 Qh1 40. Qf3 Qc1 41. Qc3 1/2-1/2

[Event "Moscow Aeroflot op-A"]
[Site "Moscow"]
[Date "2024.03.06"]
[Round "8"]
[White "Yatzenko, Anton"]
[Black "Ivanov, Victor L"]
[Result "1/2-1/2"]
[WhiteElo "2308"]
[BlackElo "2406"]
[PlyCount "43"]
[EventDate "2024.03.03"]
[EventType "swiss"]
[EventRounds "9"]
[EventCountry "RUS"]
[SourceTitle "CB11_2024"]
[SourceDate "2024.03.13"]
[SourceVersion "1"]
[SourceVersionDate "2024.03.13"]
[SourceQuality "1"]

1. c4 e6 2. Nc3 d5 3. d4 Be7 4. cxd5 exd5 5. Bf4 c6 6. e3 Bf5 7. Nge2 Nd7 8. h4 Ngf6 9. Ng3 Be6 10. Bd3 0-0 11. Nf5 Bxf5 12. Bxf5 Re8 13. g4 Bb4 14. a3 Bxc3+ 15. bxc3 Nf8 16. f3 Qa5 17. Qd2 N6d7 18. Kf2 Nb6 19. Bd3 Nc4 20. Bxc4 dxc4 21. Rhb1 Re7 22. Bg3 1/2-1/2

[Event "Moscow Aeroflot op-A"]
[Site "Moscow"]
[Date "2024.03.04"]
[Round "4"]
[White "Yatzenko, Anton"]
[Black "Madaminov, Mukhiddin"]
[Result "0-1"]
[WhiteElo "2308"]
[BlackElo "2512"]
[PlyCount "138"]
[EventDate "2024.03.03"]
[EventType "swiss"]
[EventRounds "9"]
[EventCountry "RUS"]
[SourceTitle "CB11_2024"]
[SourceDate "2024.03.13"]
[SourceVersion "1"]
[SourceVersionDate "2024.03.13"]
[SourceQuality "1"]

1. d4 Nf6 2. Nf3 d5 3. c4 e6 4. cxd5 exd5 5. Nc3 c6 6. Bg5 Be7 7. e3 Bf5 8. Nh4 Be6 9. Bd3 h6 10. Bf4 Bd6 11. Bxd6 Qxd6 12. Qb3 b6 13. Nf5 Bxf5 14. Bxf5 0-0 15. 0-0 Na6 16. Rac1 Nc7 17. Qa3 Qxa3 18. bxa3 Nce8 19. Rfd1 Nd6 20. Bh3 b5 21. a4 a6 22. g3 Rfe8 23. Rc2 g6 24. Rdc1 Kg7 25. Ne2 Nc4 26. Nf4 Re7 27. Nd3 Ne4 28. Ne5 Rc7 29. Bg2 Ned6 30. Nd3 Nc8 31. Nb4 f5 32. h3 N8b6 33. a5 Nc8 34. g4 fxg4 35. hxg4 N8d6 36. a4 bxa4 37. e4 a3 38. exd5 c5 39. Nc6 cxd4 40. Nxd4 Rb7 41. Nc6 Rb2 42. Bf1 Nd2 43. Bd3 Nb3 44. Re1 Re8 45. Rxe8 Nxe8 46. Rxb2 axb2 47. Nb4 Nxa5 48. Kf1 Nc4 49. Nxa6 Nf6 50. d6 Nxd6 51. Nb4 Nc4 52. Na2 b1Q+ 53. Bxb1 Nd2+ 54. Kg2 Nxb1 55. Kg3 Ne4+ 56. Kf3 Nbc3 57. Nb4 Kf6 58. Ke3 Kg5 59. Nc6 Nf6 60. f3 Nfd5+ 61. Kd4 h5 62. gxh5 gxh5 63. Ne5 h4 64. f4+ Kf5 65. Nf3 h3 66. Nh2 Kxf4 67. Nf1 Kf3 68. Nh2+ Kg3 69. Nf1+ Kg2 0-1

[Event "RUS-ch Rapid"]
[Site "Sochi"]
[Date "2023.10.16"]
[Round "6"]
[White "Tsydypov, Zhamsaran"]
[Black "Yatzenko, Anton"]
[Result "1-0"]
[WhiteElo "2548"]
[BlackElo "2308"]
[PlyCount "75"]
[EventDate "2023.10.15"]
[EventType "swiss (rapid)"]
[EventRounds "11"]
[EventCountry "RUS"]
[SourceTitle "Mega2024 Update 01"]
[Source "Chessbase"]
[SourceDate "2023.11.12"]
[SourceVersion "1"]
[SourceVersionDate "2023.11.12"]
[SourceQuality "1"]

1. e4 c6 2. d3 d5 3. Nd2 g6 4. Ngf3 Bg7 5. g3 dxe4 6. dxe4 Nf6 7. Bg2 0-0 8. 0-0 Na6 9. Qe2 Nc5 10. Rd1 Qc7 11. Nc4 Ne6 12. a4 b6 13. Nce5 Bb7 14. Bh3 Nc5 15. Bf4 Nh5 16. Nxg6 Nxf4 17. Nxf4 Bxb2 18. Ng5 Qe5 19. Bf5 h6 20. Nf3 Qc7 21. Nh4 Rfd8 22. Qg4+ Kf8 23. Bh7 e6 24. Rab1 Rxd1+ 25. Rxd1 Bg7 26. Nh5 Qe5 27. f4 Qc3 28. e5 Qe3+ 29. Kg2 Bh8 30. Nf6 Ke7 31. Ng8+ Kf8 32. Nxh6 Bg7 33. Qh5 Bxh6 34. Qxh6+ Ke8 35. Bd3 Rd8 36. Qh8+ Ke7 37. Ng6+ fxg6 38. Qg7+ 1-0

[Event "RUS-ch Blitz"]
[Site "Sochi"]
[Date "2023.10.14"]
[Round "6"]
[White "Krylov, Mikhail"]
[Black "Yatzenko, Anton"]
[Result "0-1"]
[WhiteElo "2456"]
[BlackElo "2308"]
[PlyCount "67"]
[EventDate "2023.10.14"]
[EventType "swiss (blitz)"]
[EventRounds "13"]
[EventCountry "RUS"]
[SourceTitle "Mega2024 Update 01"]
[Source "Chessbase"]
[SourceDate "2023.11.12"]
[SourceVersion "1"]
[SourceVersionDate "2023.11.12"]
[SourceQuality "1"]

1. d4 d5 2. c4 c6 3. Nf3 Nf6 4. Nc3 dxc4 5. e4 b5 6. e5 Nd5 7. a4 e6 8. axb5 Nxc3 9. bxc3 cxb5 10. Ng5 Bb7 11. Qh5 g6 12. Qg4 Nd7 13. Be2 Bg7 14. Ba3 Bf8 15. Bf3 Bxa3 16. Rxa3 Bxf3 17. gxf3 0-0 18. Qh4 h5 19. Rg1 Nb6 20. Qe4 Qd7 21. Qc2 Kg7 22. Ne4 Nd5 23. Nc5 Qe7 24. Ra6 Rfb8 25. Rxe6 Qh4 26. Rexg6+ Kf8 27. Rg8+ Ke7 28. Qf5 Rxg8 29. Qd7+ Kf8 30. Rxg8+ Kxg8 31. Qxd5 Rd8 32. Nd7 Qe7 33. e6 Qxe6+ 34. Qxe6 0-1

[Event "RUS-ch Blitz"]
[Site "Sochi"]
[Date "2023.10.14"]
[Round "12"]
[White "Rostovtsev, Dmitry"]
[Black "Yatzenko, Anton"]
[Result "1/2-1/2"]
[WhiteElo "2218"]
[BlackElo "2308"]
[PlyCount "50"]
[EventDate "2023.10.14"]
[EventType "swiss (blitz)"]
[EventRounds "13"]
[EventCountry "RUS"]
[SourceTitle "Mega2024 Update 01"]
[Source "Chessbase"]
[SourceDate "2023.11.12"]
[SourceVersion "1"]
[SourceVersionDate "2023.11.12"]
[SourceQuality "1"]

1. Nf3 d5 2. b3 Nf6 3. Bb2 Bf5 4. g3 e6 5. Bg2 h6 6. d3 Be7 7. 0-0 0-0 8. Nbd2 Nbd7 9. c4 c6 10. a3 a5 11. Bc3 Re8 12. b4 axb4 13. axb4 Qc7 14. Qb3 Bh7 15. Qb2 b5 16. cxb5 cxb5 17. Nd4 Qb7 18. N2b3 e5 19. Nf3 Bd6 20. Rfd1 Qb6 21. e3 Ra4 22. d4 Ne4 23. dxe5 Nxc3 24. Qxc3 Bxb4 25. Nbd4 Be4 1/2-1/2

[Event "Arandjelovac op 2nd"]
[Site "Arandjelovac"]
[Date "2023.08.05"]
[Round "8"]
[White "Yatzenko, Anton"]
[Black "Jin, Yueheng"]
[Result "0-1"]
[WhiteElo "2317"]
[BlackElo "2304"]
[PlyCount "68"]
[EventDate "2023.07.31"]
[EventType "swiss"]
[EventRounds "9"]
[EventCountry "SRB"]
[SourceTitle "CBM 215 Extra"]
[Source "ChessBase"]
[SourceDate "2023.09.30"]
[SourceVersion "1"]
[SourceVersionDate "2023.09.30"]
[SourceQuality "1"]

1. d4 d5 2. c4 e6 3. Nc3 Be7 4. cxd5 exd5 5. Bf4 c6 6. e3 Bf5 7. Nge2 Nd7 8. Ng3 Bg6 9. h4 Bxh4 10. Nh5 Bf6 11. g4 Bxh5 12. gxh5 Nf8 13. Qb3 Qb6 14. Qc2 Ne6 15. Bg3 Ne7 16. 0-0-0 0-0 17. Bd3 h6 18. Rhg1 Rfd8 19. Kb1 Rac8 20. Be5 Bxe5 21. dxe5 Kh8 22. Qe2 d4 23. Ne4 Nd5 24. exd4 Ndf4 25. Qe3 Rxd4 26. Nd6 Rf8 27. Bc4 Nd5 28. Qg3 Rf4 29. Rd2 Qb4 30. Rgd1 Rxc4 31. Nxc4 Qxc4 32. Qa3 a6 33. Qf3 Qf4 34. Qe2 Re8 0-1

[Event "Arandjelovac op 2nd"]
[Site "Arandjelovac"]
[Date "2023.08.01"]
[Round "3"]
[White "Bryakin, Mikhail"]
[Black "Yatzenko, Anton"]
[Result "1-0"]
[WhiteElo "2462"]
[BlackElo "2317"]
[PlyCount "89"]
[EventDate "2023.07.31"]
[EventType "swiss"]
[EventRounds "9"]
[EventCountry "SRB"]
[SourceTitle "CBM 215 Extra"]
[Source "ChessBase"]
[SourceDate "2023.09.30"]
[SourceVersion "1"]
[SourceVersionDate "2023.09.30"]
[SourceQuality "1"]

1. d4 e6 2. e4 d5 3. Nc3 Bb4 4. e5 Qd7 5. Bd2 b6 6. Bb5 c6 7. Ba4 a5 8. a3 Bxc3 9. Bxc3 Ba6 10. Qg4 Kf8 11. Nf3 Ne7 12. h4 h5 13. Qf4 Nf5 14. Ng5 Bb5 15. Bxb5 cxb5 16. f3 Nc6 17. g4 Nh6 18. Bd2 Kg8 19. c3 Rf8 20. Qg3 f6 21. exf6 Rxf6 22. 0-0-0 b4 23. cxb4 axb4 24. Bxb4 Nf7 25. Bc3 Nd6 26. Rhe1 Rhh6 27. Re3 Nc4 28. Re2 b5 29. Rde1 b4 30. Bxb4 Nxb4 31. Qb8+ Rf8 32. Qxb4 e5 33. dxe5 Rb6 34. Qc3 Nxb2 35. e6 Qa4 36. e7 Re8 37. Rc2 Rb3 38. Qc7 Nd3+ 39. Kd2 Nxe1 40. Kxe1 Re3+ 41. Kf2 R3xe7 42. Qc5 Qf4 43. Qxd5+ Kh8 44. Kg2 hxg4 45. Qd3 1-0

[Event "Paracin op 16th"]
[Site "Paracin"]
[Date "2023.07.13"]
[Round "7"]
[White "Beukes, Dante M"]
[Black "Yatzenko, Anton"]
[Result "1/2-1/2"]
[WhiteElo "2180"]
[BlackElo "2335"]
[PlyCount "112"]
[EventDate "2023.07.07"]
[EventType "swiss"]
[EventRounds "9"]
[EventCountry "SRB"]
[SourceTitle "EXT 2024"]
[Source "ChessBase"]
[SourceDate "2023.10.10"]
[SourceVersion "1"]
[SourceVersionDate "2023.10.10"]
[SourceQuality "1"]

1. e4 c5 2. Nf3 Nc6 3. Bb5 d6 4. 0-0 Bd7 5. Re1 Nf6 6. c3 a6 7. Bxc6 Bxc6 8. d4 Bxe4 9. Bg5 Bc6 10. Bxf6 gxf6 11. d5 Bd7 12. Nbd2 Qc7 13. a4 0-0-0 14. b4 Kb8 15. b5 a5 16. b6 Qxb6 17. Qe2 Qa6 18. Qe4 f5 19. Qc2 Rg8 20. Nf1 e6 21. c4 Bh6 22. Rab1 Rg4 23. N3d2 Rdg8 24. g3 Bxd2 25. Nxd2 h5 26. Re3 exd5 27. Reb3 dxc4 28. Rb6 Qa7 29. Nxc4 Bc8 30. Qc3 Ka8 31. R6b5 Be6 32. Rxa5 Bxc4 33. Rxa7+ Kxa7 34. Qa5+ Ba6 35. Qb6+ Ka8 36. Qxd6 h4 37. Qxc5 hxg3 38. fxg3 f4 39. Rb3 fxg3 40. Rxg3 Rxg3+ 41. hxg3 Rxg3+ 42. Kf2 Rd3 43. a5 Rd1 44. Ke3 Rf1 45. Kd4 f6 46. Qc8+ Ka7 47. Qc5+ Ka8 48. Qc3 Rd1+ 49. Kc5 f5 50. Qh8+ Ka7 51. Qf6 Rc1+ 52. Kd4 Rc4+ 53. Kd5 Rb4 54. Kd6 f4 55. Qe5 Rc4 56. Kd5 Ka8 1/2-1/2

[Event "Paracin op 16th"]
[Site "Paracin"]
[Date "2023.07.08"]
[Round "2"]
[White "Yatzenko, Anton"]
[Black "Rohit, S3333"]
[Result "1/2-1/2"]
[WhiteElo "2335"]
[BlackElo "2109"]
[PlyCount "209"]
[EventDate "2023.07.07"]
[EventType "swiss"]
[EventRounds "9"]
[EventCountry "SRB"]
[SourceTitle "EXT 2024"]
[Source "ChessBase"]
[SourceDate "2023.10.10"]
[SourceVersion "1"]
[SourceVersionDate "2023.10.10"]
[SourceQuality "1"]

1. d4 d5 2. c4 e6 3. Nf3 a6 4. cxd5 exd5 5. Bg5 Be7 6. Bxe7 Qxe7 7. Nc3 Nf6 8. e3 Bf5 9. Bd3 Bxd3 10. Qxd3 0-0 11. 0-0 Nbd7 12. Rac1 c6 13. Qf5 Rfd8 14. Rc2 Ne8 15. Qf4 Nd6 16. Rfc1 Re8 17. h3 Qf8 18. Na4 Re6 19. Nc5 Nxc5 20. dxc5 Ne8 21. Rc3 Re4 22. Qg3 a5 23. Nd4 Nf6 24. f3 Re7 25. Nf5 Rd7 26. Rb3 Kh8 27. Qf4 Ne8 28. Qg4 Nf6 29. Qd4 Ng8 30. Rb6 Ne7 31. Nd6 Nc8 32. Rxb7 Rxb7 33. Nxb7 Qe7 34. Nd6 Nxd6 35. cxd6 Qxd6 36. Qc5 Qxc5 37. Rxc5 Ra6 38. Kf2 Kg8 39. e4 dxe4 40. Re5 g6 41. Rxe4 a4 42. Re2 Kf8 43. Ke1 Rb6 44. Kd1 h5 45. Kc2 Rb5 46. Re4 Rc5+ 47. Kd3 Ra5 48. Kc4 a3 49. b3 Rb5 50. Re2 h4 51. Rc2 Ke7 52. b4 Rd5 53. Kb3 Rd3+ 54. Rc3 Rd2 55. Rxc6 Rxg2 56. Rc7+ Ke6 57. Kxa3 Rg3 58. b5 Rxf3+ 59. Kb4 Rxh3 60. b6 Rh1 61. b7 Rb1+ 62. Ka5 h3 63. Rc6+ Kd7 64. Rb6 Rxb6 65. Kxb6 h2 66. b8Q h1Q 67. Qc7+ Ke6 68. Qc8+ Ke7 69. Qc5+ Kf6 70. a4 Qb1+ 71. Kc7 g5 72. a5 g4 73. a6 Qa2 74. a7 Kg7 75. Qg5+ Kh7 76. Qh5+ Kg7 77. Qxg4+ Kh6 78. Qh4+ Kg7 79. Qg5+ Kh7 80. Qf5+ Kh6 81. Qc5 Kg7 82. Qd4+ f6 83. Qd7+ Kh6 84. Kb8 Qb3+ 85. Kc8 Qc4+ 86. Qc7 Qg8+ 87. Kb7 Qb3+ 88. Qb6 Qf7+ 89. Ka6 Qa2+ 90. Qa5 Qe6+ 91. Kb7 Qd7+ 92. Kb8 Qe8+ 93. Kc7 Qe7+ 94. Kc6 Qe6+ 95. Kc5 Qe5+ 96. Kb4 Qe1+ 97. Kb5 Qe2+ 98. Kb6 Qe6+ 99. Kb7 Qd7+ 100. Qc7 Qb5+ 101. Qb6 Qd7+ 102. Kb8 Qe8+ 103. Kc7 Qe7+ 104. Kc6 Qe6+ 105. Kb7 1/2-1/2

[Event "Vojvodina op 13th"]
[Site "Novi Sad"]
[Date "2023.07.02"]
[Round "6"]
[White "Vaz, Ethan"]
[Black "Yatzenko, Anton"]
[Result "1-0"]
[WhiteElo "2226"]
[BlackElo "2335"]
[PlyCount "79"]
[EventDate "2023.06.29"]
[EventType "swiss"]
[EventRounds "9"]
[EventCountry "SRB"]
[SourceTitle "CBM 215 Extra"]
[Source "ChessBase"]
[SourceDate "2023.09.30"]
[SourceVersion "1"]
[SourceVersionDate "2023.09.30"]
[SourceQuality "1"]

1. e4 e5 2. Nf3 Nc6 3. Bb5 Nf6 4. d3 Bc5 5. c3 0-0 6. Bg5 h6 7. Bh4 d6 8. Nbd2 a6 9. Ba4 Ba7 10. 0-0 Kh7 11. Re1 Ne7 12. Bxf6 gxf6 13. Nf1 f5 14. exf5 Nxf5 15. d4 exd4 16. Bc2 Kg7 17. Qd3 Rh8 18. Re4 c5 19. Rf4 Be6 20. cxd4 Ne7 21. dxc5 Nd5 22. Rh4 dxc5 23. Ng3 Kf8 24. Bb3 b5 25. Qd2 c4 26. Rxh6 Rxh6 27. Qxh6+ Ke7 28. Bc2 Qh8 29. Qg5+ Qf6 30. Re1 Kd7 31. Ne5+ Kc7 32. Qxf6 Nxf6 33. Nxf7 Bxf7 34. Re7+ Kd6 35. Nf5+ Kc5 36. Rxf7 Ng4 37. h3 Ne5 38. Rc7+ Kd5 39. Ne7+ Kd4 40. f4 1-0

[Event "Vojvodina op 13th"]
[Site "Novi Sad"]
[Date "2023.06.29"]
[Round "1"]
[White "Yatzenko, Anton"]
[Black "Anacak, Hasan Gunes"]
[Result "0-1"]
[WhiteElo "2335"]
[BlackElo "2077"]
[PlyCount "60"]
[EventDate "2023.06.29"]
[EventType "swiss"]
[EventRounds "9"]
[EventCountry "SRB"]
[SourceTitle "CBM 215 Extra"]
[Source "ChessBase"]
[SourceDate "2023.09.30"]
[SourceVersion "1"]
[SourceVersionDate "2023.09.30"]
[SourceQuality "1"]

1. Nf3 d5 2. e3 Nf6 3. c4 c6 4. Nc3 e6 5. b3 Bd6 6. Bb2 b6 7. Qc2 Bb7 8. cxd5 exd5 9. Be2 Nbd7 10. 0-0 0-0 11. Rac1 Qe7 12. d4 Ne4 13. Nxe4 dxe4 14. Nd2 f5 15. Nc4 Bc7 16. Ba3 c5 17. Rfd1 f4 18. Bf1 Rf6 19. exf4 Bxf4 20. Ne3 Rh6 21. g3 Qg5 22. h4 Rxh4 23. Ng2 Bxg3 24. fxg3 Qxg3 25. Qc4+ Kh8 26. Rc3 Qh2+ 27. Kf2 e3+ 28. Rxe3 Rf8+ 29. Ke1 Bxg2 30. Rd2 Qg1 0-1

[Event "Veliko Gradiste Silver Lake op-A"]
[Site "Veliko Gradiste"]
[Date "2023.06.25"]
[Round "9"]
[White "Yatzenko, Anton"]
[Black "Roneet, Das"]
[Result "1-0"]
[WhiteElo "2356"]
[BlackElo "1702"]
[PlyCount "139"]
[EventDate "2023.06.18"]
[EventType "swiss"]
[EventRounds "9"]
[EventCountry "SRB"]
[SourceTitle "CBM 215 Extra"]
[Source "ChessBase"]
[SourceDate "2023.09.30"]
[SourceVersion "1"]
[SourceVersionDate "2023.09.30"]
[SourceQuality "1"]

1. Nf3 Nf6 2. c4 c5 3. g3 b6 4. Bg2 Bb7 5. 0-0 g6 6. Nc3 Bg7 7. Re1 d6 8. e4 Nbd7 9. d4 cxd4 10. Nxd4 0-0 11. e5 dxe5 12. Bxb7 exd4 13. Bxa8 Qxa8 14. Qxd4 Nc5 15. Bf4 Rd8 16. Qe3 Nd3 17. Red1 Ng4 18. Qxd3 Rxd3 19. Rxd3 h6 20. Rad1 Kh7 21. b3 g5 22. f3 Nxh2 23. Kxh2 Bxc3 24. Bxg5 hxg5 25. Rxc3 Kg6 26. Kg2 g4 27. Rdd3 f5 28. b4 gxf3+ 29. Rxf3 e5 30. c5 bxc5 31. bxc5 Qc6 32. Kf2 e4 33. Rfe3 Kf6 34. Ke1 Ke5 35. Re2 Kd4 36. Rec2 e3 37. Rc4+ Ke5 38. Ke2 Qg2+ 39. Kxe3 Qxg3+ 40. Kd2 f4 41. Kc1 f3 42. c6 f2 43. Kb2 f1Q 44. c7 Qf8 45. c8Q Qga3+ 46. Ka1 Qxc8 47. Rxc8 Kd4 48. Rd8+ Ke3 49. Rb8 Qa6 50. Rb3+ Kd4 51. Kb2 Qa5 52. a3 a6 53. Rb4+ Kd3 54. Rc3+ Kd2 55. Rd4+ Ke2 56. Rdc4 Qb5+ 57. Ka2 Kd2 58. Rc5 Qb7 59. Rb3 Qf7 60. Rg5 Kc2 61. Rg2+ Kc1 62. Rgb2 Qc4 63. Ka1 Qd4 64. Rb4 Qc3 65. Ka2 Qg7 66. Rc4+ Kd1 67. Rf4 Qg8+ 68. Ka1 Ke1 69. Rh4 Qd5 70. Rh1+ 1-0

[Event "Veliko Gradiste Silver Lake op-A"]
[Site "Veliko Gradiste"]
[Date "2023.06.21"]
[Round "5"]
[White "Yatzenko, Anton"]
[Black "Aswath, S."]
[Result "0-1"]
[WhiteElo "2356"]
[BlackElo "2108"]
[PlyCount "114"]
[EventDate "2023.06.18"]
[EventType "swiss"]
[EventRounds "9"]
[EventCountry "SRB"]
[SourceTitle "CBM 215 Extra"]
[Source "ChessBase"]
[SourceDate "2023.09.30"]
[SourceVersion "1"]
[SourceVersionDate "2023.09.30"]
[SourceQuality "1"]

1. d4 d5 2. Nf3 Nf6 3. c4 e6 4. g3 dxc4 5. Bg2 Nbd7 6. 0-0 c6 7. a4 a5 8. Qc2 b5 9. Ne5 Nxe5 10. dxe5 Nd5 11. axb5 cxb5 12. Nc3 Nb4 13. Qd1 Bd7 14. Bxa8 Qxa8 15. Be3 Be7 16. Bb6 a4 17. Bc7 Qc6 18. Bd6 Bxd6 19. exd6 0-0 20. Qd2 Na6 21. Na2 Rd8 22. Qa5 Ra8 23. Rad1 Nc5 24. Qc3 Qe4 25. Rfe1 f6 26. Nb4 Kf7 27. Rd4 Qe5 28. f4 Qh5 29. Qe3 Nb3 30. Rd5 exd5 31. Qe7+ Kg8 32. Qxd7 Qe8 33. Qb7 Qe3+ 34. Kg2 Qe4+ 35. Kf2 Re8 36. Nxd5 Nc5 37. Ne7+ Kf8 38. Qb6 Qd4+ 39. Kf1 Nb3 40. Qxd4 Nxd4 41. Rd1 Nc2 42. Kf2 Rxe7 43. d7 Rxd7 44. Rxd7 b4 45. Ra7 a3 46. bxa3 b3 47. Rb7 Nd4 48. Rb4 c3 49. Rxd4 b2 50. Rc4 b1Q 51. Rxc3 Qh1 52. h4 Kf7 53. Rd3 Kg6 54. Rf3 Kf5 55. Rd3 Kg4 56. Rf3 Kh3 57. Rd3 Kh2 0-1

[Event "Veliko Gradiste Silver Lake op-A"]
[Site "Veliko Gradiste"]
[Date "2023.06.20"]
[Round "4"]
[White "Stoinev, Metodi"]
[Black "Yatzenko, Anton"]
[Result "0-1"]
[WhiteElo "2152"]
[BlackElo "2356"]
[PlyCount "92"]
[EventDate "2023.06.18"]
[EventType "swiss"]
[EventRounds "9"]
[EventCountry "SRB"]
[SourceTitle "CBM 215 Extra"]
[Source "ChessBase"]
[SourceDate "2023.09.30"]
[SourceVersion "1"]
[SourceVersionDate "2023.09.30"]
[SourceQuality "1"]

1. e4 c6 2. Nc3 d5 3. Nf3 Bg4 4. h3 Bxf3 5. Qxf3 e6 6. g3 Nd7 7. Bg2 d4 8. Nb1 h5 9. h4 Ne5 10. Qb3 a5 11. a4 Bb4 12. 0-0 d3 13. Na3 dxc2 14. d4 Qxd4 15. Be3 Qd3 16. Qxc2 Qxc2 17. Nxc2 Nc4 18. b3 Nxe3 19. Nxe3 Nf6 20. Rfd1 Ke7 21. e5 Nd7 22. f4 Nc5 23. Rab1 Rad8 24. Bf3 g6 25. Nc4 Rxd1+ 26. Bxd1 Ne4 27. Kg2 Nc3 28. Rc1 Rd8 29. Bf3 Rd3 30. Rc2 Nd5 31. Rb2 b5 32. axb5 cxb5 33. Nd6 Ba3 34. Ra2 Bxd6 35. exd6+ Kxd6 36. Rxa5 Nc7 37. g4 hxg4 38. Bxg4 Rxb3 39. h5 gxh5 40. Bxh5 f5 41. Bf3 b4 42. Ra7 Rc3 43. Rb7 Rc4 44. Kg3 Nd5 45. Bxd5 Kxd5 46. Kf3 Re4 0-1

[Event "Veliko Gradiste Silver Lake op-A"]
[Site "Veliko Gradiste"]
[Date "2023.06.19"]
[Round "2"]
[White "Dhruv, Khosla"]
[Black "Yatzenko, Anton"]
[Result "0-1"]
[WhiteElo "1937"]
[BlackElo "2356"]
[PlyCount "120"]
[EventDate "2023.06.18"]
[EventType "swiss"]
[EventRounds "9"]
[EventCountry "SRB"]
[SourceTitle "CBM 215 Extra"]
[Source "ChessBase"]
[SourceDate "2023.09.30"]
[SourceVersion "1"]
[SourceVersionDate "2023.09.30"]
[SourceQuality "1"]

1. e4 d6 2. d4 Nf6 3. Nc3 e5 4. Nf3 Nbd7 5. Be2 Be7 6. 0-0 0-0 7. h3 c6 8. a4 Re8 9. dxe5 dxe5 10. Bc4 h6 11. Be3 Qc7 12. Qe2 Bf8 13. Rad1 Nc5 14. Nh4 Ncxe4 15. Nxe4 Nxe4 16. Bxh6 Nd6 17. Bg5 Nxc4 18. Qxc4 e4 19. Rfe1 Qe5 20. Nf3 Qxb2 21. Rxe4 Bf5 22. Rxe8 Rxe8 23. Nd4 Be4 24. Qb3 Qxb3 25. cxb3 f6 26. Be3 Rd8 27. f3 Bg6 28. Rc1 Bf7 29. Kf2 Ba3 30. Rc2 a5 31. Ne2 Rd3 32. Nc1 Bxb3 33. Rxc6 bxc6 34. Nxd3 Bxa4 35. Bd2 Bb5 36. Ke3 a4 37. Kd4 Kf7 38. g3 Ke6 39. Nc5+ Kd6 40. Ne4+ Kc7 41. Bc3 Bc1 42. Nc5 Kd6 43. Ne4+ Ke6 44. Nc5+ Kf7 45. Nd3 Bxd3 46. Kxd3 Ke6 47. Kc4 a3 48. Kb3 Kd5 49. h4 Bb2 50. Bd2 Kd4 51. h5 c5 52. h6 gxh6 53. Bxh6 Kd3 54. Bg7 c4+ 55. Ka2 Ke3 56. f4 Kf3 57. Bxf6 Bxf6 58. Kxa3 Kxg3 59. f5 Kf4 60. Kb4 c3 0-1

[Event "Orsha op-A 21st"]
[Site "Orsha"]
[Date "2023.01.25"]
[Round "9"]
[White "Dambaev, Dashi"]
[Black "Yatzenko, Anton"]
[Result "1/2-1/2"]
[WhiteElo "1611"]
[BlackElo "2370"]
[PlyCount "88"]
[EventDate "2023.01.19"]
[EventType "swiss"]
[EventRounds "9"]
[EventCountry "BLR"]
[SourceTitle "CBM 212 Extra"]
[Source "ChessBase"]
[SourceDate "2023.03.31"]
[SourceVersion "1"]
[SourceVersionDate "2023.03.31"]
[SourceQuality "1"]

1. e4 c6 2. d4 d5 3. exd5 cxd5 4. Bd3 Nc6 5. c3 Nf6 6. Bf4 Bg4 7. Qb3 Qc8 8. Nd2 e6 9. Ngf3 Bh5 10. 0-0 Be7 11. Rfe1 0-0 12. Ne5 Nxe5 13. Bxe5 Bg6 14. Bxg6 hxg6 15. a4 Rd8 16. Qd1 b6 17. h4 a6 18. Re3 b5 19. a5 b4 20. g4 bxc3 21. bxc3 Bd6 22. Rh3 Bxe5 23. dxe5 Ne4 24. Nxe4 dxe4 25. Qc2 Qc6 26. Qa4 Rac8 27. Qxc6 Rxc6 28. Re3 Rc4 29. Rae1 Rd3 30. Rxe4 Rdxc3 31. g5 Rc1 32. Rxc1 Rxe4 33. Rc8+ Kh7 34. Rc7 Rxh4 35. Rxf7 Rg4+ 36. Kf1 Rxg5 37. Ra7 Rxe5 38. Rxa6 g5 39. Rb6 Rxa5 40. Rxe6 Rf5 41. Kg2 Rf6 42. Re4 Kg6 43. Kg3 Kh5 44. f3 Ra6 1/2-1/2

[Event "Orsha op-A 21st"]
[Site "Orsha"]
[Date "2023.01.20"]
[Round "2"]
[White "Liashkevich, Lizaveta"]
[Black "Yatzenko, Anton"]
[Result "0-1"]
[WhiteElo "1722"]
[BlackElo "2370"]
[PlyCount "72"]
[EventDate "2023.01.19"]
[EventType "swiss"]
[EventRounds "9"]
[EventCountry "BLR"]
[SourceTitle "CBM 212 Extra"]
[Source "ChessBase"]
[SourceDate "2023.03.31"]
[SourceVersion "1"]
[SourceVersionDate "2023.03.31"]
[SourceQuality "1"]

1. d4 Nf6 2. c4 e6 3. Nf3 a6 4. Bg5 b5 5. e4 h6 6. Bxf6 Qxf6 7. cxb5 axb5 8. Nbd2 Nc6 9. e5 Qf5 10. a3 Nxd4 11. Nxd4 Qxe5+ 12. Ne2 Qxb2 13. Qc1 Qxc1+ 14. Rxc1 c6 15. Nd4 Bxa3 16. Ra1 Bb7 17. Be2 Ke7 18. Rb1 Ra4 19. Nc2 Rha8 20. 0-0 Bd6 21. Bd3 Bf4 22. Ne4 d6 23. Rfd1 Be5 24. f3 f5 25. Nf2 Bc3 26. Ne3 Ra1 27. Bc2 Rxb1 28. Bxb1 d5 29. Nc2 c5 30. Rd3 b4 31. Nd1 Bf6 32. Rb3 Bc6 33. Nb2 Ba4 34. Nxa4 Rxa4 35. f4 Bc3 36. Kf2 d4 0-1

[Event "Orsha op-A 21st"]
[Site "Orsha"]
[Date "2023.01.20"]
[Round "3"]
[White "Yatzenko, Anton"]
[Black "Parkhimchyk, Kiryl"]
[Result "1-0"]
[WhiteElo "2370"]
[BlackElo "1822"]
[PlyCount "83"]
[EventDate "2023.01.19"]
[EventType "swiss"]
[EventRounds "9"]
[EventCountry "BLR"]
[SourceTitle "CBM 212 Extra"]
[Source "ChessBase"]
[SourceDate "2023.03.31"]
[SourceVersion "1"]
[SourceVersionDate "2023.03.31"]
[SourceQuality "1"]

1. Nf3 Nf6 2. c4 e6 3. Nc3 d5 4. e3 Be7 5. b3 0-0 6. Bb2 c5 7. cxd5 exd5 8. d4 Nc6 9. Be2 Be6 10. 0-0 Rc8 11. dxc5 Bxc5 12. Rc1 Qe7 13. Nb5 a6 14. Bxf6 gxf6 15. Nbd4 Ba3 16. Nxc6 bxc6 17. Bxa6 Ra8 18. Rxc6 Bd7 19. Bb7 Bxc6 20. Bxc6 Rad8 21. Nd4 Kh8 22. Bb5 Rg8 23. Bd3 Qe5 24. Qf3 Ra8 25. Rd1 Bb2 26. Qh3 Rg7 27. Nf5 Rg6 28. Bb1 Rd8 29. Ng3 d4 30. Bxg6 fxg6 31. Ne2 d3 32. Nf4 Qe4 33. Qf3 Qb4 34. Nd5 Qa5 35. e4 d2 36. b4 Qxa2 37. Rxd2 Re8 38. g3 Qb1+ 39. Kg2 f5 40. exf5 Re1 41. Ne3 Rg1+ 42. Kh3 1-0